[Event "8. MEDJUNARODNO OTVORENO PRVENSTVO VOJVO"]
[Site "Novi Sad, Ribarsko ostrvo-4 re"]
[Date "2017.07.18"]
[Round "3.17"]
[White "Tomin, Ksenija"]
[Black "Bala, Karlo"]
[Result "0-1"]
[WhiteElo "2028"]
[BlackElo "2264"]
[PlyCount "110"]
[EventDate "2017.07.16"]

1. e4 Nf6 2. e5 Nd5 3. d4 Nb6 4. c4 d6 5. exd6 cxd6 6. Nc3 g6 7. Be3 Bg7 8. Nf3
O-O 9. Be2 Bg4 10. h3 Bxf3 11. Bxf3 Nc6 12. b3 e6 13. Rc1 d5 14. c5 Nc8 15. Qd2
N8e7 16. g4 f5 17. Bg2 e5 18. Bg5 e4 19. Ne2 Qd7 20. b4 a6 21. a4 a5 22. b5 Nb4
23. Nf4 Rae8 24. Bf1 fxg4 25. Bxe7 Rxe7 26. c6 bxc6 27. bxc6 Qd6 28. c7 Rc8 29.
hxg4 Rexc7 30. Rxc7 Rxc7 31. Be2 Rf7 32. Ng2 Bxd4 33. Ne3 Bxe3 34. fxe3 Qg3+
35. Kd1 Rc7 36. Qd4 Rc8 37. Qb6 Qe5 38. Qd4 Qxd4+ 39. exd4 Nc6 40. Ba6 Rb8 41.
Kd2 Nxd4 42. Ke3 Ne6 43. Rd1 Rb3+ 44. Kf2 Nf4 45. Bb5 g5 46. Ke1 Kg7 47. Rc1 e3
48. Kd1 d4 49. Rc7+ Kf6 50. Rc6+ Ke7 51. Rc7+ Kd6 52. Rxh7 d3 53. Rd7+ Ke6 54.
Bc4+ Kxd7 55. Bxb3 Ng2 0-1

[Event "8. MEDJUNARODNO OTVORENO PRVENSTVO VOJVO"]
[Site "Novi Sad, Ribarsko ostrvo-4 re"]
[Date "2017.07.18"]
[Round "3.18"]
[White "Petkovic, Radosav"]
[Black "Jovanovic, Milenko"]
[Result "0-1"]
[WhiteElo "2242"]
[BlackElo "2176"]
[PlyCount "74"]
[EventDate "2017.07.16"]

1. e4 e5 2. Nc3 Nf6 3. f4 d5 4. Nf3 dxe4 5. Nxe5 Bc5 6. Qe2 O-O 7. Nxe4 Nxe4 8.
Qxe4 Nc6 9. c3 Nxe5 10. fxe5 Be6 11. d4 f5 12. Qc2 Be7 13. Be3 Bg5 14. Bf2 c5
15. Be2 cxd4 16. Bxd4 Rc8 17. Qa4 a6 18. O-O Qc7 19. Rad1 Be7 20. Bd3 g6 21. b4
Rfd8 22. Rd2 Bg5 23. Re2 Rxd4 24. cxd4 Qc3 25. Bc2 Qxd4+ 26. Kh1 Kh8 27. Bb3
Bd7 28. Qa5 Bb5 29. Rd1 Qh4 30. Rc2 Rxc2 31. Bxc2 Bc6 32. Qc5 Kg7 33. Qc3 Qf2
34. e6+ Bf6 35. Qg3 Qxc2 36. Rg1 Qe4 37. Re1 Qxb4 0-1

[Event "8. MEDJUNARODNO OTVORENO PRVENSTVO VOJVO"]
[Site "Novi Sad, Ribarsko ostrvo-4 re"]
[Date "2017.07.18"]
[Round "3.19"]
[White "Rutesic, Vuk"]
[Black "Markovic, Miroslav"]
[Result "0-1"]
[WhiteElo "2113"]
[BlackElo "2462"]
[PlyCount "72"]
[EventDate "2017.07.16"]

1. d4 Nf6 2. Bf4 c5 3. e3 b6 4. h3 Bb7 5. Nf3 e6 6. Bd3 Be7 7. Nbd2 O-O 8. c3
d6 9. O-O Nbd7 10. Bh2 Re8 11. a4 Bf8 12. Nc4 Qc7 13. dxc5 Qxc5 14. Bxd6 Bxd6
15. Nxd6 Bxf3 16. gxf3 Red8 17. Rc1 Qc6 18. Bb5 Qc7 19. Bxd7 a6 20. f4 h6 21.
Qf3 Nxd7 22. Ne4 e5 23. f5 Qc6 24. Qg4 Nc5 25. Nxc5 bxc5 26. Rfd1 c4 27. Qg2
Qf6 28. Qe4 Rac8 29. Rd5 Rxd5 30. Qxd5 Rb8 31. Qxc4 Qxf5 32. Qxa6 Rxb2 33. Qa8+
Kh7 34. Qg2 Rb6 35. Kh2 Rg6 36. Qf1 Rf6 0-1

[Event "8. MEDJUNARODNO OTVORENO PRVENSTVO VOJVO"]
[Site "Novi Sad, Ribarsko ostrvo-4 re"]
[Date "2017.07.18"]
[Round "3.20"]
[White "Dimitrov, Vladimir"]
[Black "Vujinovic, Predrag"]
[Result "1/2-1/2"]
[WhiteElo "2359"]
[BlackElo "2102"]
[PlyCount "27"]
[EventDate "2017.07.16"]

1. d4 d5 2. c4 c6 3. Nc3 Nf6 4. e3 e6 5. Nf3 Nbd7 6. Bd3 dxc4 7. Bxc4 b5 8. Bd3
Bb7 9. O-O a6 10. a4 Bd6 11. Ne4 Nxe4 12. Bxe4 g5 13. Nd2 h5 14. g3 1/2-1/2

[Event "8. MEDJUNARODNO OTVORENO PRVENSTVO VOJVO"]
[Site "Novi Sad, Ribarsko ostrvo-4 re"]
[Date "2017.07.19"]
[Round "4.2"]
[White "Nomin-Erdene, Davaademberel"]
[Black "Pikula, Dejan"]
[Result "0-1"]
[WhiteElo "2373"]
[BlackElo "2457"]
[PlyCount "83"]
[EventDate "2017.07.16"]

1. e4 c5 2. Nf3 Nc6 3. d4 cxd4 4. Nxd4 Qb6 5. Nb3 Nf6 6. Nc3 e6 7. Qe2 Bb4 8.
Bd2 O-O 9. a3 Bxc3 10. Bxc3 e5 11. O-O-O a5 12. Nd2 Qc7 13. f4 d6 14. h3 Rd8
15. g4 exf4 16. Bxf6 gxf6 17. Qf2 Qe7 18. Rg1 Ne5 19. Qxf4 Be6 20. g5 fxg5 21.
Rxg5+ Kh8 22. Rh5 Rg8 23. Nf3 f6 24. Nh4 Rg5 25. Be2 Rxh5 26. Bxh5 Bxh3 27. Rh1
Be6 28. Bg6 Bg8 29. Bf5 Qg7 30. Kb1 Qf7 31. Kc1 Rf8 32. Rg1 Qh5 33. Kb1 b5 34.
Qg3 Qh6 35. Bh3 b4 36. Nf5 Qg6 37. Qf2 Qf7 38. b3 bxa3 39. Nh6 Qe7 40. Bf5 Ng6
41. Bxg6 Qe5 42. c4 {Unreadable} 0-1

[Event "8. MEDJUNARODNO OTVORENO PRVENSTVO VOJVO"]
[Site "Novi Sad, Ribarsko ostrvo-4 re"]
[Date "2017.07.19"]
[Round "4.4"]
[White "Drazic, Sinisa"]
[Black "Gajcin, Marina"]
[Result "1-0"]
[WhiteElo "2436"]
[BlackElo "2282"]
[PlyCount "127"]
[EventDate "2017.07.16"]

1. c4 g6 2. g3 Bg7 3. Bg2 c5 4. e3 Nc6 5. Ne2 Nf6 6. Nbc3 O-O 7. O-O d6 8. d4
cxd4 9. exd4 Bf5 10. b3 Qd7 11. d5 Nb4 12. Nd4 Bh3 13. a3 Na6 14. Re1 Bxg2 15.
Kxg2 Nc7 16. Ra2 e5 17. dxe6 fxe6 18. f3 a6 19. a4 Rad8 20. Bg5 e5 21. Nc2 Ne6
22. Bxf6 Rxf6 23. Ne4 Rff8 24. Re3 Nd4 25. Nxd4 exd4 26. Ree2 Qf5 27. Qd3 Rd7
28. h3 Rdf7 29. f4 h6 30. Rad2 Qd7 31. Kh2 Rf5 32. Rd1 Qc6 33. Rde1 d5 34. cxd5
Qxd5 35. Rc1 Kh8 36. Kg1 Rd8 37. Rc7 Rf7 38. Rec2 Rxc7 39. Rxc7 Qe6 40. Kg2 Re8
41. Nf2 Qb6 42. Qc4 Rf8 43. b4 d3 44. a5 Qd6 45. Nxd3 Rd8 46. Nf2 Rd7 47. Rxb7
Rxb7 48. Qc8+ Bf8 49. Qxb7 Qxb4 50. Qxa6 Qd2 51. Qa8 Kg7 52. Qb7+ Kg8 53. a6
Bc5 54. Qc8+ Bf8 55. Qc4+ Kg7 56. a7 Qa5 57. Qd4+ Kh7 58. Ne4 Bg7 59. Qd7 Qa2+
60. Kf3 Qa6 61. Nf6+ Qxf6 62. a8=Q h5 63. Qaa7 Qf8 64. Qf7 1-0

[Event "8. MEDJUNARODNO OTVORENO PRVENSTVO VOJVO"]
[Site "Novi Sad, Ribarsko ostrvo-4 re"]
[Date "2017.07.19"]
[Round "4.5"]
[White "Cabarkapa, Novak"]
[Black "Mikheev, Stanislav"]
[Result "1-0"]
[WhiteElo "2426"]
[BlackElo "2264"]
[PlyCount "57"]
[EventDate "2017.07.16"]

1. d4 Nf6 2. Nc3 d5 3. Bf4 Bf5 4. f3 e6 5. Qd2 c5 6. Nb5 Nc6 7. g4 Bg6 8. e3
Qb6 9. c3 Nxg4 10. a4 Nf6 11. Be5 Be7 12. Ne2 Nh5 13. h3 O-O 14. Nf4 Nxf4 15.
Bxf4 Bh4+ 16. Kd1 c4 17. Rg1 Rac8 18. Qh2 Rfd8 19. Rg4 Be7 20. h4 Bh5 21. Rg1
Bxf3+ 22. Be2 Bxe2+ 23. Kxe2 h5 24. Be5 g6 25. Qf4 Kf8 26. Rxg6 Ke8 27. Rg7 f5
28. Rxe7+ Kxe7 29. Qg5+ 1-0

[Event "8. MEDJUNARODNO OTVORENO PRVENSTVO VOJVO"]
[Site "Novi Sad, Ribarsko ostrvo-4 re"]
[Date "2017.07.19"]
[Round "4.7"]
[White "Pantelic, Sasa"]
[Black "Todorovic, Nenad I"]
[Result "1/2-1/2"]
[WhiteElo "2358"]
[BlackElo "2235"]
[PlyCount "170"]
[EventDate "2017.07.16"]

1. e4 c5 2. Nf3 d6 3. c3 Nf6 4. Bc4 Nc6 5. Qe2 Bg4 6. d3 Bxf3 7. Qxf3 g6 8. O-O
Bg7 9. Qe2 O-O 10. f4 d5 11. Bb5 Qb6 12. Bxc6 Qxc6 13. e5 Nd7 14. Nd2 e6 15.
Nf3 f6 16. d4 Rfe8 17. Be3 Rac8 18. exf6 Bxf6 19. Ne5 Nxe5 20. fxe5 Bg7 21. h4
cxd4 22. Bxd4 Rf8 23. h5 Rxf1+ 24. Rxf1 Rf8 25. Rxf8+ Bxf8 26. Qg4 Kf7 27. Qf4+
Kg8 28. Qg5 Qe8 29. hxg6 hxg6 30. Bxa7 Be7 31. Qg4 Kf7 32. Qh3 Qa4 33. Bd4 Qxa2
34. Qh7+ Ke8 35. Qxg6+ Kd7 36. Qc2 Qa1+ 37. Kh2 Qe1 38. g3 Qf1 39. Qf2 Qb1 40.
b4 Qh7+ 41. Kg1 Qd3 42. Qe3 Qb1+ 43. Kg2 Qc2+ 44. Kf1 Qd1+ 45. Kf2 Qc2+ 46. Qe2
Qf5+ 47. Kg2 Kc6 48. b5+ Kd7 49. b6 Kc6 50. Qa2 Qe4+ 51. Kh2 Kb5 52. Kg1 Qd3
53. Qf2 Kc6 54. Qe3 Qd1+ 55. Kf2 Qc2+ 56. Qe2 Qb1 57. Kg2 Qf5 58. c4 Qb1 59.
Bf2 Qb3 60. Qg4 Kd7 61. cxd5 Qxd5+ 62. Qf3 Kc6 63. g4 Qxf3+ 64. Kxf3 Kd5 65.
Bg3 Kc6 66. Bf4 Kd7 67. g5 Ke8 68. Kg4 Kf7 69. Kh5 Kg7 70. Be3 Bb4 71. Bd4 Be7
72. g6 Bb4 73. Be3 Bc3 74. Bh6+ Kg8 75. Bf4 Kg7 76. Bh2 Bd4 77. Bg3 Bxb6 78.
Bh4 Bd4 79. Bf6+ Kg8 80. Kg4 b5 81. Kf3 b4 82. Ke2 b3 83. Kd2 b2 84. Kc2 Bc3
85. Kb1 Bd4 1/2-1/2

[Event "8. MEDJUNARODNO OTVORENO PRVENSTVO VOJVO"]
[Site "Novi Sad, Ribarsko ostrvo-4 re"]
[Date "2017.07.19"]
[Round "4.8"]
[White "Desnica, Vladan"]
[Black "Sredojevic, Ivan"]
[Result "0-1"]
[WhiteElo "2285"]
[BlackElo "2355"]
[PlyCount "84"]
[EventDate "2017.07.16"]

1. Nf3 Nf6 2. d4 g6 3. c4 Bg7 4. Nc3 O-O 5. e4 d6 6. Be2 Bg4 7. Be3 Nfd7 8. Rc1
c5 9. d5 Na6 10. Nd2 Bxe2 11. Qxe2 Nc7 12. O-O e6 13. a3 exd5 14. cxd5 Re8 15.
b4 b6 16. Rfe1 Ne5 17. f4 Nd7 18. Bf2 Bxc3 19. Rxc3 Nxd5 20. Rf3 N5f6 21. Re3
d5 22. e5 d4 23. Rh3 Nd5 24. Qf3 Nc3 25. Nc4 f6 26. Bh4 Qc7 27. Nd6 fxe5 28.
Nxe8 Rxe8 29. fxe5 Nxe5 30. Qf4 Nd5 31. Qe4 Qd7 32. bxc5 bxc5 33. Bg3 Nf6 34.
Qf4 Neg4 35. Rf1 Nd5 36. Qc1 Nc3 37. Kh1 Ne3 38. Rg1 Ne2 39. Qxc5 Nxg1 40. Kxg1
Qg4 41. Qc1 Rf8 42. Rh4 Qe2 0-1

[Event "8. MEDJUNARODNO OTVORENO PRVENSTVO VOJVO"]
[Site "Novi Sad, Ribarsko ostrvo-4 re"]
[Date "2017.07.19"]
[Round "4.9"]
[White "Bala, Karlo"]
[Black "Marjanovic, Annamaria"]
[Result "1/2-1/2"]
[WhiteElo "2264"]
[BlackElo "2331"]
[PlyCount "93"]
[EventDate "2017.07.16"]

1. d4 d5 2. Bf4 Nf6 3. e3 c5 4. c3 Nc6 5. Nd2 cxd4 6. exd4 Bf5 7. Ngf3 e6 8.
Qb3 Qc8 9. h3 Be7 10. g4 Bg6 11. Ne5 Nd7 12. Nxg6 hxg6 13. Bg2 Nb6 14. a4 Nd7
15. a5 a6 16. O-O g5 17. Bg3 Nf8 18. c4 Nxd4 19. Qd3 Nc6 20. cxd5 Nb4 21. Qd4
Nxd5 22. Rfe1 Qd7 23. Nc4 Ng6 24. Nb6 Nxb6 25. Qxb6 O-O 26. Red1 Qe8 27. Qxb7
Rc8 28. Qxa6 Nf4 29. Bxf4 gxf4 30. Rac1 Rxc1 31. Rxc1 Qa4 32. Qb7 Bg5 33. Bf3
Qxa5 34. b4 Qa3 35. Rc8 Rxc8 36. Qxc8+ Kh7 37. Be4+ g6 38. Qc5 Bf6 39. Qf8 Qa7
40. b5 Bg7 41. Qd6 f5 42. Bf3 Bd4 43. Qxe6 Bxf2+ 44. Kg2 Bg1 45. Qe2 fxg4 46.
hxg4 Be3 47. Qb2 1/2-1/2

[Event "8. MEDJUNARODNO OTVORENO PRVENSTVO VOJVO"]
[Site "Novi Sad, Ribarsko ostrvo-4 re"]
[Date "2017.07.19"]
[Round "4.10"]
[White "Jovanovic, Milenko"]
[Black "Atalik, Suat"]
[Result "0-1"]
[WhiteElo "2176"]
[BlackElo "2525"]
[PlyCount "80"]
[EventDate "2017.07.16"]

1. d4 Nf6 2. c4 g6 3. Nc3 Bg7 4. e4 d6 5. h3 O-O 6. Nf3 a6 7. Bg5 Nbd7 8. Be2
c5 9. d5 b5 10. e5 b4 11. exf6 exf6 12. Bd2 bxc3 13. Bxc3 f5 14. Bxg7 Kxg7 15.
O-O Qf6 16. Qd2 a5 17. Rfc1 Re8 18. Bd1 a4 19. Qc3 Qxc3 20. Rxc3 f4 21. b3 a3
22. Rcc1 Nb8 23. Bc2 Na6 24. Re1 Bd7 25. Rxe8 Rxe8 26. Re1 Rxe1+ 27. Nxe1 Nb4
28. Bb1 Kf6 29. Kf1 Bf5 30. Bxf5 Kxf5 31. f3 Ke5 32. Ke2 Nxa2 33. Nc2 Nc1+ 34.
Kd2 Nxb3+ 35. Kc3 Nd4 36. Nxa3 Nf5 37. Nc2 Ne3 38. Ne1 Kf5 39. Kd3 Kg5 40. g3
Nf5 0-1

[Event "8. MEDJUNARODNO OTVORENO PRVENSTVO VOJVO"]
[Site "Novi Sad, Ribarsko ostrvo-4 re"]
[Date "2017.07.19"]
[Round "4.11"]
[White "Markovic, Miroslav"]
[Black "Banovic, Ivan"]
[Result "1-0"]
[WhiteElo "2462"]
[BlackElo "2208"]
[PlyCount "55"]
[EventDate "2017.07.16"]

1. e4 c5 2. Nf3 d6 3. g3 Nc6 4. Bg2 Nf6 5. d3 g6 6. O-O Bg7 7. Re1 Bg4 8. c3
O-O 9. h3 Bxf3 10. Bxf3 Nd7 11. Bg2 Rb8 12. Be3 b5 13. d4 cxd4 14. cxd4 Nb6 15.
b3 d5 16. e5 e6 17. Nd2 Nc8 18. h4 h5 19. Nf3 N8e7 20. Bh3 Qd7 21. Qd2 Nf5 22.
Bg5 Rfc8 23. g4 hxg4 24. Bxg4 Bf8 25. h5 Nb4 26. Bxf5 exf5 27. Bf6 Rc2 28. Qg5
1-0

[Event "8. MEDJUNARODNO OTVORENO PRVENSTVO VOJVO"]
[Site "Novi Sad, Ribarsko ostrvo-4 re"]
[Date "2017.07.19"]
[Round "4.12"]
[White "Becker, Marcel"]
[Black "Breivik, Lars"]
[Result "1-0"]
[WhiteElo "2339"]
[BlackElo "2202"]
[PlyCount "57"]
[EventDate "2017.07.16"]

1. d4 g6 2. c4 Bg7 3. Nf3 c5 4. d5 d6 5. e4 Bg4 6. Be2 Nd7 7. Nc3 Ngf6 8. Be3
O-O 9. O-O Ne8 10. Rc1 Bxf3 11. Bxf3 e5 12. Be2 f5 13. exf5 gxf5 14. f4 Qe7 15.
Kh1 Nef6 16. fxe5 Nxe5 17. Rxf5 Nxc4 18. Bxc5 Nxb2 19. Qb3 Qd7 20. Rxf6 Bxf6
21. Ba3 Rac8 22. Bxb2 Qg7 23. h3 Qg3 24. Qb4 Bg5 25. Ne4 Qh4 26. Rxc8 Rxc8 27.
Bg4 Rd8 28. Be6+ Kf8 29. Qc3 1-0

[Event "8. MEDJUNARODNO OTVORENO PRVENSTVO VOJVO"]
[Site "Novi Sad, Ribarsko ostrvo-4 re"]
[Date "2017.07.19"]
[Round "4.13"]
[White "Ozen, Bahadir"]
[Black "Budisavljevic, Luka"]
[Result "1/2-1/2"]
[WhiteElo "2315"]
[BlackElo "2196"]
[PlyCount "64"]
[EventDate "2017.07.16"]

1. g3 Nf6 2. Bg2 c5 3. d3 e6 4. Nd2 Be7 5. e4 Nc6 6. Nh3 d5 7. O-O O-O 8. f4 b5
9. Nf2 Bb7 10. e5 Ne8 11. Nf3 f6 12. exf6 Bxf6 13. Re1 Qd6 14. Ng4 Nc7 15.
Nxf6+ gxf6 16. d4 cxd4 17. Nxd4 Rae8 18. Be3 a5 19. Qg4+ Kh8 20. Rad1 Bc8 21.
Qe2 b4 22. Nb5 Qe7 23. Nxc7 Qxc7 24. Qb5 Bd7 25. Qc5 Rc8 26. Re2 Qb8 27. Qb6
Qxb6 28. Bxb6 Rb8 29. Bc5 Rfe8 30. Bf3 Kg7 31. Bg4 Rb5 32. Bf2 Re7 1/2-1/2

[Event "8. MEDJUNARODNO OTVORENO PRVENSTVO VOJVO"]
[Site "Novi Sad, Ribarsko ostrvo-4 re"]
[Date "2017.07.19"]
[Round "4.14"]
[White "Titov, Ivan"]
[Black "Ilincic, Aleksa"]
[Result "1-0"]
[WhiteElo "2307"]
[BlackElo "2177"]
[PlyCount "127"]
[EventDate "2017.07.16"]

1. e4 e6 2. Nf3 d5 3. e5 d4 4. c3 c5 5. cxd4 cxd4 6. Qa4+ Nc6 7. Bb5 Bd7 8. O-O
Nge7 9. d3 Nf5 10. Bg5 Be7 11. Bxe7 Qxe7 12. Nbd2 a6 13. Bxc6 Bxc6 14. Qb3 Nh4
15. Nxh4 Qxh4 16. f4 O-O 17. Ne4 Bxe4 18. dxe4 Rfd8 19. Rad1 Rac8 20. Rd3 b5
21. Qd1 Qe7 22. Qd2 Qc5 23. Rd1 Rd7 24. b4 Qb6 25. f5 exf5 26. exf5 Re8 27. Qf4
Rd5 28. Rc1 Qb8 29. Rc5 Rdxe5 30. Rxe5 Qxe5 31. Qxe5 Rxe5 32. Rxd4 h5 33. Rd6
Rxf5 34. Rxa6 g6 35. g3 Rd5 36. Ra5 Kg7 37. a3 Kf6 38. Kf2 Ke5 39. Ke3 g5 40.
a4 bxa4 41. Rxa4 Rd1 42. Ra5+ Kf6 43. b5 Rb1 44. Ke4 Ke6 45. Ra6+ Kd7 46. b6
Kc6 47. Kf5 Rb5+ 48. Kf6 g4 49. Ra2 Rxb6 50. Kxf7 Kc7 51. Rd2 h4 52. Rd4 h3 53.
Rxg4 Rb2 54. Rh4 Rxh2 55. Kg6 Kd6 56. Kg5 Ke6 57. g4 Rh1 58. Kg6 h2 59. g5 Ke7
60. Rh8 Ke6 61. Re8+ Kd7 62. Re2 Kd6 63. Kh6 Re1 64. Rxe1 1-0

[Event "8. MEDJUNARODNO OTVORENO PRVENSTVO VOJVO"]
[Site "Novi Sad, Ribarsko ostrvo-4 re"]
[Date "2017.07.19"]
[Round "4.16"]
[White "Kaufeld, Juergen"]
[Black "Pecelj, Nedeljko"]
[Result "1-0"]
[WhiteElo "2296"]
[BlackElo "2161"]
[PlyCount "75"]
[EventDate "2017.07.16"]

1. e4 e6 2. d4 d5 3. Nc3 dxe4 4. Nxe4 Bd7 5. Nf3 Bc6 6. Neg5 Nd7 7. Nxf7 Kxf7
8. Ng5+ Ke8 9. Bd3 Ndf6 10. Nxe6 Qe7 11. O-O Be4 12. Bc4 Kd7 13. Re1 Qb4 14.
Bb3 Re8 15. a3 Qa5 16. Bd2 Qf5 17. f3 Bd5 18. Re5 Qxe6 19. Rxe6 Bxe6 20. c4 Kc8
21. Bb4 Ne7 22. d5 Bf7 23. Qd2 Ng6 24. Rd1 Rd8 25. Bc2 Bd6 26. Qf2 Kb8 27. c5
Be5 28. d6 cxd6 29. cxd6 Ne8 30. Bc5 a6 31. d7 Nf6 32. Bf5 Bc7 33. Ba7+ Ka8 34.
Qc5 Bb8 35. Bb6 Nd5 36. Rxd5 Bxd5 37. Bxd8 Rxd8 38. Qc8 1-0

[Event "8. MEDJUNARODNO OTVORENO PRVENSTVO VOJVO"]
[Site "Novi Sad, Ribarsko ostrvo-4 re"]
[Date "2017.07.19"]
[Round "4.17"]
[White "Lazor, Vladimir"]
[Black "Kuzmin, Yuriy"]
[Result "0-1"]
[WhiteElo "2184"]
[BlackElo "2286"]
[PlyCount "50"]
[EventDate "2017.07.16"]

1. e4 c5 2. Nf3 d6 3. d4 cxd4 4. Nxd4 Nf6 5. Nc3 a6 6. Be2 e5 7. Nb3 Be7 8. O-O
O-O 9. f4 b5 10. Bf3 Bb7 11. Be3 Nbd7 12. a4 b4 13. Nd5 Nxd5 14. exd5 Bf6 15.
a5 exf4 16. Bxf4 Bxb2 17. Bxd6 Bxa1 18. Bxf8 Be5 19. Bc5 Nxc5 20. Nxc5 Qh4 21.
g3 Qd4+ 22. Kg2 Qxc5 23. d6 Bxf3+ 24. Qxf3 Rf8 25. d7 Bf6 0-1

[Event "8. MEDJUNARODNO OTVORENO PRVENSTVO VOJVO"]
[Site "Novi Sad, Ribarsko ostrvo-4 re"]
[Date "2017.07.19"]
[Round "4.18"]
[White "Peycheva, Gergana"]
[Black "Matovic, Mihajlo Z"]
[Result "1/2-1/2"]
[WhiteElo "2161"]
[BlackElo "2266"]
[PlyCount "66"]
[EventDate "2017.07.16"]

1. d4 Nf6 2. c4 e6 3. Nc3 Bb4 4. e3 O-O 5. Bd3 d5 6. Nge2 c5 7. a3 cxd4 8. exd4
dxc4 9. Bxc4 Bd6 10. O-O Nc6 11. h3 h6 12. Be3 a6 13. b4 b5 14. Bb3 Bb7 15. Qd3
Re8 16. Rfe1 Ne7 17. Bf4 Ng6 18. Bxd6 Qxd6 19. Qg3 Qxg3 20. Nxg3 Nf4 21. f3
Rac8 22. Rac1 h5 23. Nce2 Nxe2+ 24. Nxe2 Bd5 25. Bxd5 exd5 26. Rxc8 Rxc8 27.
Rc1 Rc4 28. Kf2 Kf8 29. g4 hxg4 30. hxg4 Ke7 31. Ke3 Kd6 32. Kd3 Nd7 33. Rh1 a5
1/2-1/2

[Event "8. MEDJUNARODNO OTVORENO PRVENSTVO VOJVO"]
[Site "Novi Sad, Ribarsko ostrvo-4 re"]
[Date "2017.07.19"]
[Round "4.19"]
[White "Velikic, Adela"]
[Black "Henriksen, Geir"]
[Result "1/2-1/2"]
[WhiteElo "2256"]
[BlackElo "2151"]
[PlyCount "64"]
[EventDate "2017.07.16"]

1. d4 Nf6 2. Nf3 e6 3. e3 c5 4. c4 d5 5. dxc5 Bxc5 6. a3 O-O 7. b4 Be7 8. Nbd2
a5 9. b5 Nbd7 10. Bb2 Nc5 11. Be2 Nfe4 12. O-O Bf6 13. Qc2 Bxb2 14. Qxb2 Nxd2
15. Nxd2 b6 16. cxd5 exd5 17. Nb3 Nxb3 18. Qxb3 Be6 19. Qb2 Rc8 20. Rfd1 Qe7
21. a4 Rc5 22. Rd4 Rfc8 23. Bd3 g6 24. h4 Qc7 25. h5 Rc1+ 26. Rxc1 Qxc1+ 27.
Qxc1 Rxc1+ 28. Kh2 Kg7 29. hxg6 hxg6 30. Kg3 g5 31. f4 gxf4+ 32. exf4 f5
1/2-1/2

[Event "8. MEDJUNARODNO OTVORENO PRVENSTVO VOJVO"]
[Site "Novi Sad, Ribarsko ostrvo-4 re"]
[Date "2017.07.19"]
[Round "4.20"]
[White "Juhasz, Bencze"]
[Black "Bojkovic, Slobodan"]
[Result "1-0"]
[WhiteElo "2158"]
[BlackElo "2248"]
[PlyCount "113"]
[EventDate "2017.07.16"]

1. e4 c5 2. Nf3 e6 3. d4 cxd4 4. Nxd4 a6 5. Bd3 Qc7 6. Nc3 Nf6 7. f4 d6 8. Qf3
Nbd7 9. g4 h6 10. Bd2 e5 11. Nf5 exf4 12. Qxf4 Ne5 13. Be2 Be6 14. O-O-O O-O-O
15. Ne3 Kb8 16. Kb1 Qc6 17. Ncd5 Nfd7 18. Bc3 Bxd5 19. exd5 Qc7 20. Rhf1 Be7
21. Nf5 Bg5 22. Qb4 Nc5 23. Bxe5 dxe5 24. d6 Qc6 25. Ne7 Qe4 26. Qxc5 Qxe2 27.
Qc7+ Ka8 28. Nd5 f6 29. d7 Qb5 30. Qxd8+ Rxd8 31. Nc7+ Kb8 32. Nxb5 axb5 33.
Rd5 g6 34. c3 h5 35. gxh5 gxh5 36. Kc2 h4 37. h3 Kc7 38. Rfd1 Kc6 39. b4 b6 40.
Rd6+ Kc7 41. Re6 e4 42. Rxe4 Rxd7 43. Rxd7+ Kxd7 44. Kd3 Kd6 45. Rg4 Kd5 46.
c4+ bxc4+ 47. Rxc4 f5 48. Rc8 Be7 49. a3 Bd6 50. Rh8 Bg3 51. Rh5 Ke5 52. Ke2 b5
53. Rh8 Ke4 54. Re8+ Be5 55. Rc8 f4 56. Rc5 f3+ 57. Kf1 1-0

[Event "8. MEDJUNARODNO OTVORENO PRVENSTVO VOJVO"]
[Site "Novi Sad, Ribarsko ostrvo-4 re"]
[Date "2017.07.20"]
[Round "5.1"]
[White "Pikula, Dejan"]
[Black "Leskur, Dejan"]
[Result "1-0"]
[WhiteElo "2457"]
[BlackElo "2393"]
[PlyCount "81"]
[EventDate "2017.07.16"]

1. e4 g6 2. d4 Bg7 3. Nf3 c6 4. c3 d5 5. Nbd2 dxe4 6. Nxe4 Nd7 7. Bc4 Nh6 8.
Bb3 O-O 9. O-O Nf5 10. Bf4 Nf6 11. Nxf6+ Bxf6 12. Ne5 Ng7 13. Ng4 Bxg4 14. Qxg4
e6 15. Rad1 Nf5 16. Rfe1 Kg7 17. h3 h5 18. Qf3 h4 19. Re2 a5 20. a4 Qb6 21. Bc2
Rad8 22. Red2 Rd7 23. Kh1 Qd8 24. Bxf5 exf5 25. d5 cxd5 26. Rxd5 Rxd5 27. Rxd5
Qe8 28. Qe3 Qxe3 29. Bxe3 Rd8 30. Rxd8 Bxd8 31. Bd4+ f6 32. Kg1 Kf7 33. Kf1 Ke6
34. Ke2 Kd5 35. Kd3 f4 36. f3 f5 37. Bf2 g5 38. Bd4 Kc6 39. Kc4 Be7 40. Be5 Bd8
41. b4 1-0

[Event "8. MEDJUNARODNO OTVORENO PRVENSTVO VOJVO"]
[Site "Novi Sad, Ribarsko ostrvo-4 re"]
[Date "2017.07.20"]
[Round "5.2"]
[White "Ernst, Sipke"]
[Black "Stocko, Josip"]
[Result "1-0"]
[WhiteElo "2522"]
[BlackElo "2371"]
[PlyCount "87"]
[EventDate "2017.07.16"]

1. Nf3 Nf6 2. c4 e6 3. g3 b6 4. Bg2 Bb7 5. O-O Be7 6. b3 O-O 7. Bb2 d5 8. e3
Nbd7 9. Nc3 Ne4 10. cxd5 exd5 11. Qc2 Bf6 12. d3 Nxc3 13. Bxc3 c5 14. Bxf6 Qxf6
15. d4 Rac8 16. Qb2 Rc7 17. Rab1 Rfc8 18. Rfc1 c4 19. Ne1 Qd6 20. Rc3 cxb3 21.
Rxc7 Rxc7 22. Qxb3 Nf6 23. Nd3 Ba6 24. Ne5 Bc4 25. Qa4 g6 26. h3 Nd7 27. Nxc4
dxc4 28. Rc1 a6 29. Qxa6 Qb4 30. a3 Qa5 31. Qxa5 bxa5 32. Be4 Nb6 33. Kf1 f5
34. Bf3 Kf8 35. Ke1 Ke7 36. Kd2 Kd6 37. Kc2 c3 38. Be2 Nd5 39. Rb1 g5 40. Rb5
a4 41. Bf3 Ne7 42. Rb8 Kd7 43. Rb7 Rxb7 44. Bxb7 1-0

[Event "8. MEDJUNARODNO OTVORENO PRVENSTVO VOJVO"]
[Site "Novi Sad, Ribarsko ostrvo-4 re"]
[Date "2017.07.20"]
[Round "5.3"]
[White "Sredojevic, Ivan"]
[Black "Drazic, Sinisa"]
[Result "1-0"]
[WhiteElo "2355"]
[BlackElo "2436"]
[PlyCount "119"]
[EventDate "2017.07.16"]

1. Nf3 Nc6 2. e4 e5 3. Nc3 Bc5 4. Bb5 Nge7 5. O-O d6 6. d4 exd4 7. Nxd4 O-O 8.
Nxc6 bxc6 9. Bd3 f5 10. exf5 Bxf5 11. Na4 Bb6 12. Bg5 h6 13. Bxe7 Qxe7 14. Nxb6
axb6 15. Bxf5 Rxf5 16. Qd3 Qf7 17. c4 c5 18. b3 Re8 19. Rad1 Rfe5 20. Rd2 Qf4
21. g3 Qg4 22. Kg2 R8e7 23. f3 Qe6 24. Rff2 Kf7 25. f4 Re3 26. Qd5 Qxd5+ 27.
Rxd5 Kf6 28. h4 Rc3 29. Kh3 Ree3 30. Rg2 Ke6 31. Kg4 g6 32. h5 c6 33. Rd1 gxh5+
34. Kh4 d5 35. cxd5+ cxd5 36. Rdg1 Kf5 37. Kxh5 d4 38. Kxh6 Kg4 39. Rf1 Rf3 40.
Rgg1 Rxf1 41. Rxf1 Kf5 42. g4+ Kf6 43. g5+ Kf5 44. Rg1 Rh3+ 45. Kg7 d3 46. g6
Kxf4 47. Kf6 Rh6 48. Kf7 d2 49. g7 Rh7 50. Kg6 Rxg7+ 51. Kxg7 Ke4 52. Kf6 Kd3
53. Ke5 b5 54. Kd5 c4 55. bxc4 bxc4 56. Rg3+ Kc2 57. Rg2 c3 58. Kc4 Kb1 59.
Rg1+ Kb2 60. Kd3 1-0

[Event "8. MEDJUNARODNO OTVORENO PRVENSTVO VOJVO"]
[Site "Novi Sad, Ribarsko ostrvo-4 re"]
[Date "2017.07.20"]
[Round "5.4"]
[White "Tosic, Miroslav"]
[Black "Cabarkapa, Novak"]
[Result "0-1"]
[WhiteElo "2433"]
[BlackElo "2426"]
[PlyCount "74"]
[EventDate "2017.07.16"]

1. d4 Nf6 2. Nf3 g6 3. g3 Bg7 4. Bg2 O-O 5. O-O Nc6 6. a4 a5 7. Ne5 Nxe5 8.
dxe5 Ng4 9. f4 c6 10. e3 d5 11. exd6 exd6 12. h3 Nh6 13. Nc3 d5 14. e4 dxe4 15.
Qxd8 Rxd8 16. Nxe4 Be6 17. Kh2 Nf5 18. c3 Bc4 19. Re1 Re8 20. g4 Rad8 21. gxf5
gxf5 22. Re3 fxe4 23. Bxe4 Bh6 24. Kg3 Kh8 25. Bc2 Rg8+ 26. Kh4 Bxf4 27. Rf3
Bxc1 28. Rxc1 Rd6 29. Rf5 Be2 30. Rh5 Bxh5 31. Kxh5 Rd5+ 32. Kh4 Rd6 33. Kh5
Rg3 34. Bf5 Kg7 35. Bg4 f5 36. Kh4 Rg2 37. Bh5 Re6 0-1

[Event "8. MEDJUNARODNO OTVORENO PRVENSTVO VOJVO"]
[Site "Novi Sad, Ribarsko ostrvo-4 re"]
[Date "2017.07.20"]
[Round "5.5"]
[White "Atalik, Suat"]
[Black "Kaufeld, Juergen"]
[Result "1-0"]
[WhiteElo "2525"]
[BlackElo "2296"]
[PlyCount "111"]
[EventDate "2017.07.16"]

1. d4 d5 2. c4 e6 3. Nc3 Nf6 4. Bg5 Nbd7 5. e3 Be7 6. Qc2 h6 7. Bh4 c5 8. dxc5
Nxc5 9. cxd5 Nxd5 10. Bb5+ Bd7 11. Nxd5 exd5 12. Bxd7+ Qxd7 13. Bxe7 Qxe7 14.
Ne2 O-O 15. O-O Rfd8 16. Rac1 Ne6 17. Rfd1 Rd7 18. Qa4 a6 19. Rd2 Rad8 20. Nd4
Nc5 21. Qb4 Ne4 22. Qxe7 Rxe7 23. Rdc2 Nf6 24. a4 g6 25. h3 Kf8 26. Kf1 h5 27.
a5 Red7 28. Ke2 Ke7 29. f3 Ne8 30. Kd3 Kd6 31. b4 Rc7 32. b5 Rdc8 33. bxa6 bxa6
34. Rxc7 Rxc7 35. Rb1 Rc5 36. Rb6+ Kd7 37. Rxa6 Nd6 38. Ra7+ Kc8 39. h4 Rc1 40.
g4 Ra1 41. Nc6 Ra3+ 42. Ke2 Ra2+ 43. Kd1 Nc4 44. Re7 Nd6 45. Ke1 Ra1+ 46. Ke2
hxg4 47. fxg4 Ra2+ 48. Kd3 Ne4 49. Kd4 Ra4+ 50. Kxd5 Nf6+ 51. Kc5 Ra1 52. g5
Rc1+ 53. Kd6 Rd1+ 54. Nd4 Ng4 55. a6 Kb8 56. Kc6 1-0